| 000 | 01539cam a2200397 i 4500 | ||
|---|---|---|---|
| 999 |
_c65717 _d65717 |
||
| 001 | 768714001 | ||
| 003 | CO-MdFUSB | ||
| 005 | 20200418191954.0 | ||
| 007 | ta | ||
| 008 | 960913t19951994nyu b 001 0 eng d | ||
| 020 |
_a0393036154 _c($32.99 Can.) |
||
| 020 | _a9780393036152 | ||
| 020 | _a0393312860 | ||
| 020 | _a9780393312867 | ||
| 040 |
_aGZM _beng _cCO-MdFUSB _dOCLCQ _dCO-MdFUSB _dHNW _dOCLCG _dAU@ _dOCLCQ _dOCLCF _dP4I _dOCLCQ _dOCLCO _dOCL _dGZM _dPBF _erda |
||
| 041 | _aeng | ||
| 082 |
_223 _a973.072 _bA648 |
||
| 100 | 1 |
_aAppleby, Joyce Oldham. _eautor |
|
| 245 | 1 | 0 |
_aTelling the truth about history / _cJoyce Appleby, Lynn Hunt, Margaret Jacob. |
| 250 | _aprimera edición | ||
| 264 | 1 |
_aNew York : _bW. W. Norton & Company, _c[1995] |
|
| 264 | 4 | _c© 1995 | |
| 300 |
_a322 páginas; _c21 cm. |
||
| 336 |
_atexto _btxt _2rdacontent. |
||
| 337 |
_asin mediación _bn _2rdamedia. |
||
| 338 |
_avolumen _bnc _2rdacarrier. |
||
| 504 | _aIncluye referencias bibliográficas | ||
| 505 | 0 | _aEl modelo heroico de la ciencia - La historia científica y la idea de modernidad - La historia hace una nación - Historias competitivas de América - Descubriendo los pies de arcilla de la ciencia - La posmodernidad y la crisis de la modernidad - La verdad y la objetividad - El futuro de la historia. | |
| 563 | _aRústico | ||
| 650 | 0 |
_aSociología de la cultura _95 |
|
| 700 | 1 |
_aHunt, Lynn Avery. _eautor |
|
| 700 | 1 |
_aJacob, Margaret C., _d1943- _eautor |
|
| 942 | _cBK | ||
| 945 | _aJTF-925 | ||